| 000 | 01174nmm a2200289 4500 | ||
|---|---|---|---|
| 001 | 174469 | ||
| 003 | ES-MaACL | ||
| 005 | 20250812080804.0 | ||
| 006 | a s 10 0 | ||
| 007 | c| |g | ||
| 008 | 100427s2010 sp | | 10 0 spa d | ||
| 017 | _aLE 444-201 | ||
| 020 | _a978-84-692-7892-5 | ||
| 111 | 2 |
_aEl público y las nuevas tecnologías en los museos ( _n1º. _d2009. _cLeón) _9142594 |
|
| 245 | 1 | 3 |
_aEl público y las nuevas tecnologías en los museos [ _hrecurso electrónico] / _ccoordinación, Yolanda Rey Folgueral. |
| 260 |
_a[León] : _bMuseo Sierra-Pampley : _bFundación Sierra-Pampley ; _a[Madrid] : _bMinisterio de Cultura, _cDL 2010. |
||
| 300 |
_a1 disco compacto ; _c12 cm. |
||
| 500 | _aActas correspondientes al curso El público y las nuevas tecnologías en los museos. | ||
| 594 | _aTít. tomado del CD. | ||
| 650 | 4 |
_aMuseos- _xInnovaciones tecnológicas. _9142596 |
|
| 650 | 7 |
_aArte y tecnología _2embne _9142597 |
|
| 710 | 1 |
_aEspaña. _bMinisterio de Cultura _93850 |
|
| 710 | 2 |
_aMuseo Sierra-Pampley. _9142598 |
|
| 710 | 2 |
_aFundación Sierra-Pampley. _9142599 |
|
| 852 |
_aES-MaACL _jROT 2/4/29 _z.- CD-ROM |
||
| 999 |
_c174469 _d174469 |
||